| 000 | 01039cam a22002531 4500 | ||
|---|---|---|---|
| 001 | gs 25000122 | ||
| 003 | DLC | ||
| 005 | 20260227111329.0 | ||
| 008 | 790607s1925 iluabf 000 0 eng c | ||
| 010 | _ags 25000122 | ||
| 035 | _a(OCoLC)5045057 | ||
| 040 |
_aU.S. Geol. Survey. Libr. _cTxCM _dOCoLC _dDLC |
||
| 042 | _apremarc | ||
| 050 | 0 | 0 |
_aTN805.I3 _bC2 |
| 100 | 1 |
_aCady, Gilbert H. _q(Gilbert Haven), _d1882- |
|
| 245 | 1 | 0 |
_aStructure of parts of Northeastern Williamson and Western Saline Counties, _cby Gilbert H. Cady. In cooperation with U.S. Geological Survey. |
| 260 |
_aUrbana, Ill., _c1925. |
||
| 300 |
_a20 p. _billus., III fold. pl. (incl. fold. map) tables. _c26 cm. |
||
| 490 | 0 |
_aIllinois. State Geological Survey. Report of investigations _vno. 2 |
|
| 500 | _aAt head of title: State of Illinois. Dept. of Registration and Education. Division of the State Geological Survey. | ||
| 500 | _aPlates folded in pocket. | ||
| 650 | 0 |
_aGeology _zIllinois _zWilliamson County. |
|
| 650 | 0 |
_aGeology _zIllinois _zSaline County. |
|
| 999 |
_c26377 _d26377 |
||